000 00435nam a2200157Ia 4500
008 230718s9999 xx 000 0 und d
041 _aeng
082 _a004.6
_bAWA
100 _aAwale S. D.
_9141979
245 _aEngineering Teachers In The Development Of Technical Education System In India
260 _c1996
_bIste
300 _a162
365 _cRs.
_b200.00
700 _aAwale S. D.
_9141979
906 _dB:03-Mar-1997
_cCOMP
999 _c295994
_d295994